00640nam a22001817a 4500003000900000005001700009008003800026040002200064082001500086245004100101260006800142300001900210650004900229650005100278650004300329650003700372650004900409DO-SdBNP20171128160254.0150817s 1989 xxu spa d aBPMSUbspacBPMSU axxxxbxxxx00a"Chistes" :bpolitical humor in Cuba aWashington, D.C. : bCuban american national foundation,c1989. a34 p :c24 cm. 4aEDUCACIÓN CÍVICAxENSEÑANZA SECUNDARIA 4aEDUCACIÓN SECUNDARIAzREPÚBLICA DOMINICANA 4aEDUCACIÓN ÍVICA xLIBROS DE TEXTOS 4aCÍVICA xESTUDIOS Y EJERCICIOS 4aEDUCACIÓN CÍVICAxEDUCACIÓN SECUNDARIA